000 00785cad a22002415a 4500
001 L156208
008 120504s2012 xxk f 000 0 eng d
035 _a(Sirsi) u156208
041 0 _aeng
100 1 _aWilkinson, Paul
110 2 _aChartered Institute of Marketing Construction Industry Group
_95964
245 0 0 _aBIM
_ban overview
_h[electronic resource]
260 _a[S.l.]
_bCIMCIG
_c2012
520 _aPresentation from the CIMCIG BIM conference in April 2012.
590 _aKA NTK
650 2 4 _aBUILDING INFORMATION MODELLING
650 2 4 _aBIM
_96219
651 4 _aUnited Kingdom
_y
651 4 _aInternational
690 _aBIM
_96219
856 4 0 _uhttps://www.slideshare.net/EEPaul/cimcig-bim-conference
_zView the presentation at www.slideshare.net
942 _n0
999 _c114100
_d114100